[Event "Challenge"]
[Site "http://www.queenalice.com/game.php?id=739212"]
[Date "2010.3.1"]
[Round "-"]
[White "Walu"]
[Black "elwis"]
[Result "1-0"]
[WhiteElo "1299"]
[BlackElo "1390"]

1. e4 Nf6 2. Bd3 b6 3. Qf3 Nc6 4. e5 Ng8 5. Be4 Bb7 6. b4 Qb8 7. Na3 f6 8. b5
Nd4 9. Qd3 c5 10. c3 Ne6 11. Qh3 Ng5 12. Qe3 Qxe5 13. f3 f5 14. Bxb7 Qb8 15. Bd5
Nf6 16. Bc4 d5 17. Bb3 a5 18. Qxg5 g6 19. d4 c4 20. Bd1 Qd6 21. f4 Ne4 22. Qh4
Qf6 23. Qh3 g5 24. fxg5 Nxg5 25. Qg3 Ne4 26. Qc7 Nxc3 27. Bh5+ Qg6 28. Bxg6+
hxg6 29. Nc2 Nxb5 30. Qb7 Rd8 31. Bg5 Rh5 32. Nh3 e6 33. Qxb6 Be7 34. Bh6 Rxh6
35. Rb1 g5 36. Qxb5+ Kf7 37. Qxa5 g4 38. Nf4 g3 39. Nb4 gxh2 40. Nc6 Bh4+ 41.
Ke2 Rd6 42. Ne5+ Kf6 43. Nf3 Bg3 44. Nh3 Rd7 45. Rb6 Bc7 46. Rhb1 Kg7 47. Ne5
Re7 48. Rh1 Kf6 49. Nf4 Kg5 50. Kf3 Rh4 51. Nfg6 Rxd4 52. Nxe7 Bxe5 53. Rxe6
Rd3+ 54. Ke2 Bc3 55. Qb5 Rd2+ 56. Ke3 f4+ 57. Kf3 Rd3+ 58. Ke2 Rd2+ 59. Kf3 Rd3+
60. Kf2 Kg4 61. Nxd5 Bd4+ 62. Ke2 f3+ 63. gxf3+ Rxf3 64. Rg6+ Kh3 65. Kxf3 Kh4
66. Rxh2# 1-0

[Event "Challenge"]
[Site "http://www.queenalice.com/game.php?id=743865"]
[Date "2010.3.10"]
[Round "-"]
[White "Walu"]
[Black "Felipe_Hawk"]
[Result "1/2-1/2"]
[WhiteElo "1314"]
[BlackElo "1311"]

1. g4 e5 2. d4 e4 3. Qd2 d5 4. Bg2 Bxg4 5. f3 Bf5 6. fxe4 Qh4+ 7. Kf1 Bxe4 8.
Nf3 Bxf3 9. Bxf3 Nf6 10. b3 Bd6 11. e3 O-O 12. c4 Qh3+ 13. Kf2 Ne4+ 14. Bxe4
dxe4 15. Qe1 Bxh2 16. Ke2 Qg2+ 17. Kd1 Bg3 18. Rg1 Qf3+ 19. Qe2 Qxe2+ 20. Kxe2
Bh4 21. Nd2 Re8 22. Rh1 Bf6 23. Bb2 Nd7 24. Rh2 c5 25. Rah1 h6 26. Ba3 cxd4 27.
exd4 Bxd4 28. Rh4 Nf6 29. c5 Bc3 30. Nc4 Rac8 31. b4 Nd5 32. Nd6 Bf6 33. R4h2
Be5 34. Rf2 Bxd6 35. cxd6 Rc2+ 36. Ke1 Rxf2 37. Kxf2 f5 38. Rd1 Nb6 39. d7 Nxd7
40. Rxd7 e3+ 41. Ke2 f4 42. Rd1 Kh7 43. Rf1 g5 44. Bb2 Rd8 45. Bf6 Rd2+ 46. Kf3
Rxa2 47. Be7 Rf2+ 48. Rxf2 exf2 49. Kxf2 Kg6 50. Bc5 a6 51. Kf3 Kh5 52. Bf8 Kh4
53. Bxh6 b5 54. Ke4 Kg4 55. Kd3 Kf3 56. Bxg5 Kg4 57. Be7 Kg3 58. Ke2 f3+ 59. Kf1
Kf4 60. Kf2 1/2-1/2

[Event "Challenge"]
[Site "http://www.queenalice.com/game.php?id=750721"]
[Date "2010.3.23"]
[Round "-"]
[White "Felipe_Hawk"]
[Black "Walu"]
[Result "1-0"]
[WhiteElo "1499"]
[BlackElo "1319"]

1. e4 b5 2. Bxb5 a6 3. Ba4 Bb7 4. d3 g5 5. Bxg5 h6 6. Bh4 Bg7 7. Nf3 Bxb2 8. Na3
Bxa3 9. O-O c6 10. Qd2 Nf6 11. Qc3 Bd6 12. Qb3 Qc7 13. Bg3 Ng4 14. Bxd6 Qxd6 15.
g3 Qc7 16. Qb2 Nf6 17. Bb3 a5 18. Ne5 Rh7 19. f4 Qb6+ 20. Kg2 a4 21. Bxf7+ Rxf7
22. Qxb6 d6 23. Nxf7 Kxf7 24. Qxb7 Ra6 25. Qxb8 Nd7 26. Qb7 Rb6 27. Qxd7 a3 28.
Qf5+ Ke8 29. Qg6+ Kd7 30. Qxh6 e6 31. f5 exf5 32. Rxf5 Kc7 33. Rf7+ Kd8 34. Qf8#
1-0

[Event "Challenge"]
[Site "http://www.queenalice.com/game.php?id=754430"]
[Date "2010.3.31"]
[Round "-"]
[White "Fittipaldi"]
[Black "Walu"]
[Result "1-0"]
[WhiteElo "1205"]
[BlackElo "1319"]

1. e4 b5 2. Nf3 Bb7 3. Nc3 a6 4. b3 g6 5. Bb2 Bg7 6. g3 Nf6 7. Bg2 Nxe4 8. Ng5
Nxg5 9. Bxb7 Ra7 10. Bg2 b4 11. Na4 d6 12. f4 Ne6 13. d4 c5 14. c3 bxc3 15. Bxc3
cxd4 16. Bb2 Qa5+ 17. Qd2 Qf5 18. O-O Nc5 19. Bxd4 Ne4 20. Bxe4 Qxe4 21. Bxg7
Rg8 22. Rae1 Qc6 23. Bf6 e6 24. Rc1 Qb5 25. Qxd6 Nd7 26. Qe7# 1-0

[Event "Challenge"]
[Site "http://www.queenalice.com/game.php?id=755948"]
[Date "2010.4.4"]
[Round "-"]
[White "Walu"]
[Black "elwis"]
[Result "1/2-1/2"]
[WhiteElo "1354"]
[BlackElo "1365"]

1. g4 c6 2. Bg2 d6 3. Nf3 e6 4. b4 h5 5. h3 Nh6 6. Bb2 Na6 7. a3 c5 8. c3 g6 9.
c4 e5 10. e3 Bd7 11. d4 e4 12. Nfd2 f5 13. dxc5 Rg8 14. b5 Nc7 15. cxd6 Bxd6 16.
Nc3 Qf6 17. Nb3 O-O-O 18. c5 Be5 19. gxh5 gxh5 20. Qxh5 Rxg2 21. Rd1 a6 22. bxa6
Nxa6 23. Kf1 Rg5 24. Qh4 Nc7 25. Na5 Nb5 26. Nd5 Qg7 27. f4 b6 28. Bxe5 Rg8 29.
Nf6 bxa5 30. Rxd7 Nxa3 31. fxg5 Qf8 32. gxh6 Qxc5 33. Nxg8 Kxd7 34. Qf4 Qc1+ 35.
Kg2 Qc2+ 36. Kg3 Qc3 37. Bxc3 Nc2 38. Bxa5 Nxe3 39. Qxe3 Kc8 40. Qa7 f4+ 41.
Kxf4 e3 42. Kxe3 1/2-1/2

[Event "Challenge"]
[Site "http://www.queenalice.com/game.php?id=760547"]
[Date "2010.4.13"]
[Round "-"]
[White "Walu"]
[Black "Felipe_Hawk"]
[Result "0-1"]
[WhiteElo "1360"]
[BlackElo "1612"]

1. g4 e5 2. Bg2 Qg5 3. h3 Nf6 4. Nf3 Qf4 5. b3 Bc5 6. Bb2 O-O 7. e3 Qb4 8. Nxe5
d6 9. Nd3 Qb6 10. Nc3 Nc6 11. b4 Bxb4 12. Nd5 Nxd5 13. Bxd5 Qa5 14. Be4 d5 15.
Bg2 Re8 16. c3 Ba3 17. Rb1 Bxb2 18. Rxb2 g6 19. Bf1 Ne5 20. a4 Nxd3+ 21. Bxd3 b6
22. Rb5 Qa6 23. Rxd5 Qb7 24. Qb3 Be6 25. Be4 c6 26. c4 cxd5 27. cxd5 Bc8 28. f3
Qa6 29. d6 Be6 30. Qb2 Qxa4 31. O-O Rad8 32. Bc6 Qxc6 33. Qf6 Qxd6 34. d4 Qg3+
35. Kh1 Qxh3+ 36. Kg1 Rc8 37. Qf4 Rc2 38. Rf2 Rec8 39. e4 Rc1+ 40. Qxc1 Rxc1+
41. Rf1 Rxf1# 0-1

[Event "Challenge"]
[Site "http://www.queenalice.com/game.php?id=765922"]
[Date "2010.4.25"]
[Round "-"]
[White "Petrucio"]
[Black "Walu"]
[Result "1-0"]
[WhiteElo "1409"]
[BlackElo "1325"]

1. f4 b5 2. d4 Bb7 3. e4 Bxe4 4. Bxb5 a6 5. Bc4 g6 6. Qe2 f5 7. g4 Bxh1 8. Nh3
Bg7 9. Ng5 Nh6 10. Bf7+ Kf8 11. Bc4 Nxg4 12. Nf7 Qe8 13. Qf1 Be4 14. Ng5 Bxc2
15. Nd2 e6 16. Qg2 c6 17. Ndf3 d5 18. Be2 h6 19. Kd2 Ba4 20. Nh3 Qe7 21. Kc3 Nd7
22. b4 Rb8 23. Ba3 Kf7 24. Bxa6 Ne3 25. Qe2 Nc4 26. Bxc4 dxc4 27. Qxc4 Nb6 28.
Qd3 Nd5+ 29. Kd2 h5 30. Qa6 Ra8 31. Qf1 Nc7 32. Nhg5+ Kg8 33. Qd3 Nb5 34. Bb2
Qxb4+ 35. Bc3 Nxc3 36. a3 Qb2+ 37. Ke3 1-0

[Event "Challenge"]
[Site "http://www.queenalice.com/game.php?id=770755"]
[Date "2010.5.5"]
[Round "-"]
[White "Felipe_Hawk"]
[Black "Walu"]
[Result "1-0"]
[WhiteElo "1629"]
[BlackElo "1312"]

1. e4 Nc6 2. Nf3 Nf6 3. d3 h6 4. Be2 g5 5. Nc3 Bg7 6. Be3 d5 7. exd5 Nxd5 8. Rb1
a6 9. Nxd5 Qxd5 10. b3 Bc3+ 11. Bd2 Be5 12. Nxe5 Qxe5 13. O-O h5 14. Bxh5 Rg8
15. g3 g4 16. c3 Qxh5 17. Re1 Bf5 18. Qe2 Rh8 19. h4 f6 20. Be3 Ne5 21. Bd4 Rd8
22. Bxe5 fxe5 23. Qxe5 Rxd3 24. Qxe7# 1-0

[Event "Challenge"]
[Site "http://www.queenalice.com/game.php?id=771738"]
[Date "2010.5.6"]
[Round "-"]
[White "Walu"]
[Black "elwis"]
[Result "1-0"]
[WhiteElo "1238"]
[BlackElo "1343"]

1. h4 d5 2. Nc3 e6 3. d3 h6 4. Rh3 Qd7 5. g4 b5 6. Bg2 c6 7. g5 d4 8. Ne4 f5 9.
Ng3 Qd6 10. b3 f4 11. Ne4 Qe5 12. Ba3 Bxa3 13. Qd2 Bb2 14. Rb1 Bc3 15. Nxc3 Qd6
16. Ne4 Qa3 17. Ra1 Qb2 18. Qd1 Qa3 19. Nf3 Kd8 20. Nc3 Qb2 21. Ne4 Na6 22. Ne5
Ke8 23. Nxc6 Bd7 24. Na5 Rc8 25. Kd2 Qa3 26. Nb7 Kf8 27. Ned6 Rc3 28. e3 e5 29.
g6 Nf6 30. exd4 exd4 31. Rf3 Nd5 32. Rh3 h5 33. Bxd5 Bxh3 34. Nxb5 Qb2 35. Nxc3
dxc3+ 36. Ke2 Qa3 37. Qh1 Qe7+ 38. Be4 Qe6 39. Nd8 Qg4+ 40. f3 Qg2+ 41. Qxg2
Bxg2 42. Rg1 Bh3 43. Bd5 Ke7 44. Nb7 Nc7 45. Bc4 Kf6 46. b4 Rh6 47. Rh1 1-0

[Event "Challenge"]
[Site "http://www.queenalice.com/game.php?id=777555"]
[Date "2010.5.18"]
[Round "-"]
[White "Walu"]
[Black "vinoseco"]
[Result "1-0"]
[WhiteElo "1354"]
[BlackElo "936"]

1. g4 b6 2. Bg2 c6 3. b4 g6 4. Bb2 f6 5. Nc3 Qc7 6. h4 Nh6 7. Bf3 f5 8. gxf5
gxf5 9. Na4 Rg8 10. Bh5+ Kd8 11. Bd4 b5 12. Nc5 Qf4 13. c3 d6 14. Nd3 Qg5 15.
Bf3 a6 16. hxg5 Rxg5 17. Nh3 Rg3 18. Qb3 Bd7 19. fxg3 Ra7 20. Bxa7 Kc8 21. Ng5
Kb7 22. Be3 Ng4 23. Nxh7 Bh6 24. Rxh6 Nxe3 25. dxe3 e5 26. Nf8 Be8 27. Rxd6 Kc7
28. Re6 e4 29. Rxe8 Nd7 30. Ne6+ Kd6 31. Ndf4 Ke5 32. Bh5 Nf6 33. Rf8 c5 34.
bxc5 a5 35. Rd1 a4 36. Ng6# 1-0

[Event "Challenge"]
[Site "http://www.queenalice.com/game.php?id=779976"]
[Date "2010.5.24"]
[Round "-"]
[White "vinoseco"]
[Black "Walu"]
[Result "1-0"]
[WhiteElo "949"]
[BlackElo "1312"]

1. e4 g5 2. Qf3 Bg7 3. Nh3 h6 4. Bc4 e6 5. a4 Nf6 6. d3 g4 7. Qg3 Nc6 8. Ra3 Nb4
9. e5 Nfd5 10. Qxg4 Nxc2+ 11. Kd2 Nxa3 12. Qxg7 Nxb1+ 13. Kc2 Na3+ 14. Kb3 Ke7
15. bxa3 c6 16. Kc2 Nf6 17. exf6+ Kd6 18. Bf4+ e5 19. Bg3 Rg8 20. Qxf7 a6 21.
Qh7 b5 22. f7 Rf8 23. Qxh6+ Kc7 24. Bxe5+ d6 25. Bf6 Qd7 26. Qxf8 bxc4 27. Bd8+
Qxd8 28. Qg7 Bd7 29. Nf4 d5 30. Ng6 Kb6 31. f8=Q Qxf8 32. Nxf8 Bf5 33. Nd7+ Ka5
34. Rb1 Ra7 35. Qc3+ Kxa4 36. Qb4# 1-0

[Event "Challenge"]
[Site "http://www.queenalice.com/game.php?id=787515"]
[Date "2010.6.9"]
[Round "-"]
[White "Walu"]
[Black "vinoseco"]
[Result "0-1"]
[WhiteElo "1292"]
[BlackElo "1091"]

1. e4 d5 2. d3 c6 3. Nc3 Be6 4. Nce2 Qa5+ 5. c3 Nd7 6. b4 Qb5 7. Nd4 Qb6 8. Ngf3
Bg4 9. h3 Bh5 10. a4 a5 11. bxa5 Qxa5 12. Ra3 e5 13. Nf5 g6 14. N5h4 Ra6 15. d4
Ndf6 16. g4 Nxg4 17. dxe5 dxe4 18. Ng5 Nxe5 19. f3 h6 20. Nxe4 Be7 21. Ng2 Nxf3+
22. Ke2 Qe5 23. Ke3 f5 24. Qd3 Bc5+ 25. Ke2 fxe4 26. Qc4 Nd4+ 27. Kf2 Ne2+ 28.
Qxc5 Qxc5+ 29. Ke1 Nxc1 30. Nh4 Qxa3 31. Nxg6 Bxg6 32. Kd1 Qxc3 33. Rh2 Bh5+ 34.
Be2 Bxe2+ 35. Rxe2 Nxe2 36. Kxe2 Rxa4 37. Kd1 Ra2 38. h4 Qc2+ 39. Ke1 Ra1# 0-1

[Event "Challenge"]
[Site "http://www.queenalice.com/game.php?id=788139"]
[Date "2010.6.10"]
[Round "-"]
[White "blackwolf"]
[Black "Walu"]
[Result "1-0"]
[WhiteElo "1882"]
[BlackElo "1268"]

1. d4 g5 2. e4 Bg7 3. Bxg5 h6 4. Bh4 Nf6 5. Nc3 d6 6. e5 Bg4 7. Be2 Qd7 8. Nf3
Nc6 9. a3 dxe5 10. dxe5 Nh5 11. Qxd7+ Kxd7 12. O-O-O+ Ke6 13. Bc4+ Kf5 14. Rd3
Bxe5 15. Nxe5 Kxe5 16. Re1+ Kf4 17. Re4+ Kf5 18. f3 Nf4 19. fxg4+ Kxg4 20. Bg3
e5 21. Bxf4 exf4 22. g3 Rhf8 23. Rxf4+ Kh3 24. Rh4+ Kg2 25. Rd2+ Kf3 26. Rf4+
Ke3 27. Re2# 1-0

[Event "Challenge"]
[Site "http://www.queenalice.com/game.php?id=788140"]
[Date "2010.6.10"]
[Round "-"]
[White "Walu"]
[Black "blackwolf"]
[Result "0-1"]
[WhiteElo "1247"]
[BlackElo "1892"]

1. g4 d5 2. Nc3 Bxg4 3. f3 Bh5 4. Nb5 Nf6 5. c3 e5 6. d3 Bc5 7. Qa4 O-O 8. d4 a6
9. Na3 exd4 10. cxd4 Bb6 11. Bd2 Nc6 12. e3 Re8 13. O-O-O Ne4 14. Bb4 Nxb4 15.
Qxb4 Nf2 16. Bg2 Nxd1 17. Kxd1 Rxe3 18. Nc2 Re6 19. Ne2 Qd7 20. Nf4 Rh6 21. Bh3
Qd8 22. Ne3 Bxf3+ 23. Kd2 Bxh1 24. Neg2 Qg5 25. Qc3 Bxd4 26. Qxd4 Rxh3 27. Qg1
Bxg2 28. Qxg2 Qxf4+ 29. Ke2 Rxh2 30. Qxh2 Qxh2+ 31. Kd3 Qf4 32. Kc2 Qe3 33. b3
Re8 34. Kb2 Qc5 35. a3 Re2+ 36. Kb1 Qc2+ 37. Ka1 Re1# 0-1

[Event "Challenge"]
[Site "http://www.queenalice.com/game.php?id=804153"]
[Date "2010.7.16"]
[Round "-"]
[White "vinoseco"]
[Black "Walu"]
[Result "1-0"]
[WhiteElo "1203"]
[BlackElo "1266"]

1. f4 e6 2. Nf3 Bc5 3. Ng5 c6 4. e3 h6 5. Qh5 g6 6. Qh3 hxg5 7. Qxh8 Kf8 8. b3
Be7 9. Bb2 Bf6 10. Qh3 Bxb2 11. c3 Bxa1 12. Kd1 d5 13. Kc1 e5 14. g4 Qa5 15. a4
f5 16. Qh7 Ne7 17. h4 fxg4 18. hxg5 b5 19. Qh8+ Kf7 20. Rh7+ Ke6 21. Qf6+ Kd7
22. Qxe7# 1-0

[Event "Challenge"]
[Site "http://www.queenalice.com/game.php?id=827594"]
[Date "2010.9.4"]
[Round "-"]
[White "Walu"]
[Black "FC"]
[Result "0-1"]
[WhiteElo "1245"]
[BlackElo "1476"]

1. g4 Nf6 2. h3 e5 3. Bg2 Bc5 4. a3 O-O 5. b4 Bd4 6. c3 Bb6 7. Bb2 d5 8. Nf3 Ne4
9. Nxe5 Bxf2+ 10. Kf1 Qf6 11. c4 Ng3# 0-1